[Event "University of Alberta op"]
[Site "Edmonton CAN"]
[Date "2005.05.07"]
[Round "2"]
[White "Miller, Chris"]
[Black "Duggan, Kyle"]
[Result "1-0"]
[WhiteElo "1493"]
[BlackElo "1873"]
[PlyCount "91"]
[GameId "2160767910968497"]
[EventDate "2005.05.07"]
[EventType "swiss"]
[EventRounds "5"]
[EventCountry "CAN"]
[SourceTitle "CBM 106 Extra"]
[Source "ChessBase"]
[SourceDate "2005.07.01"]
[SourceVersion "1"]
[SourceVersionDate "2005.07.01"]
[SourceQuality "1"]

1. Nf3 d5 2. e4 dxe4 3. Ng5 Nf6 4. Bc4 e6 5. Nc3 Qd4 6. Qe2 Bc5 7. Ncxe4 Nxe4 8. Nxe4 Be7 9. c3 Qd8 10. d4 Nc6 11. O-O O-O 12. Rd1 b6 13. d5 Ne5 14. dxe6 Bd6 15. exf7+ Kh8 16. Nxd6 cxd6 17. Qe4 Rb8 18. Bf4 Bb7 19. Bd5 Bxd5 20. Rxd5 Nxf7 21. Rad1 Re8 22. Qd4 Qe7 23. h3 Rbd8 24. b4 Qe2 25. a4 Re4 26. Qd2 Rde8 27. Qxe2 Rxe2 28. Bxd6 Rc8 29. R1d3 h6 30. Rf3 Ng5 31. Rf8+ Rxf8 32. Bxf8 Ne4 33. Rd7 Rxf2 34. Bxg7+ Kg8 35. Bxh6 Rf6 36. Be3 a6 37. Bd4 Rg6 38. c4 Rc6 39. b5 axb5 40. cxb5 Rc4 41. Bxb6 Rxa4 42. Rd4 Ra1+ 43. Kh2 Nc3 44. Rg4+ Kf7 45. Bd4 Ra3 46. Bxc3 1-0

[Event "University of Alberta op"]
[Site "Edmonton CAN"]
[Date "2005.05.07"]
[Round "2"]
[White "O'Brien, Sandy"]
[Black "Hughey, Micah"]
[Result "0-1"]
[WhiteElo "1559"]
[BlackElo "2075"]
[PlyCount "70"]
[GameId "2160767910968498"]
[EventDate "2005.05.07"]
[EventType "swiss"]
[EventRounds "5"]
[EventCountry "CAN"]
[SourceTitle "CBM 106 Extra"]
[Source "ChessBase"]
[SourceDate "2005.07.01"]
[SourceVersion "1"]
[SourceVersionDate "2005.07.01"]
[SourceQuality "1"]

1. e4 e5 2. Nf3 Nc6 3. Bb5 a6 4. Ba4 Nf6 5. O-O Be7 6. Re1 b5 7. Bb3 O-O 8. c3 d5 9. exd5 Nxd5 10. Nxe5 Nxe5 11. Rxe5 c6 12. d3 Bd6 13. Re1 Qh4 14. g3 Qh3 15. Qf3 Bg4 16. Qg2 Qh5 17. Bxd5 cxd5 18. Be3 Bh3 19. Qh1 Rae8 20. Nd2 Re6 21. Qf3 Bg4 22. Qg2 Bh3 23. Qf3 Bg4 24. Qg2 Rfe8 25. a4 b4 26. a5 Bf4 27. gxf4 Bh3 28. Qf3 Rg6+ 29. Kh1 Bg4 30. Qg3 Be2 31. Rxe2 Rxg3 32. Ree1 Rh3 33. f3 Rxe3 34. Rxe3 Rxh2+ 35. Kg1 Rh1+ 0-1

[Event "University of Alberta op"]
[Site "Edmonton CAN"]
[Date "2005.05.07"]
[Round "2"]
[White "Palcic, Branko"]
[Black "Reichert, Wayne"]
[Result "1-0"]
[WhiteElo "1406"]
[BlackElo "1271"]
[PlyCount "61"]
[GameId "2160767910968499"]
[EventDate "2005.05.07"]
[EventType "swiss"]
[EventRounds "5"]
[EventCountry "CAN"]
[SourceTitle "CBM 106 Extra"]
[Source "ChessBase"]
[SourceDate "2005.07.01"]
[SourceVersion "1"]
[SourceVersionDate "2005.07.01"]
[SourceQuality "1"]

1. e4 c5 2. Nf3 d6 3. d4 cxd4 4. Nxd4 Nf6 5. Nc3 a6 6. Bd3 e6 7. Bg5 Nc6 8. Nxc6 bxc6 9. O-O Be7 10. f4 h6 11. Bxf6 Bxf6 12. e5 dxe5 13. fxe5 Bxe5 14. Qh5 Bf6 15. Ne4 Qb6+ 16. Kh1 Qxb2 17. Nxf6+ gxf6 18. Rab1 Qxa2 19. Qc5 Bd7 20. Rb7 Qd5 21. Qb4 Rd8 22. Rxf6 Rg8 23. Rf2 c5 24. Qf4 f5 25. Rb3 c4 26. Bxc4 Qe4 27. Qxe4 fxe4 28. Bxa6 Bb5 29. Bxb5+ Ke7 30. h3 Rd1+ 31. Kh2 1-0

[Event "University of Alberta op"]
[Site "Edmonton CAN"]
[Date "2005.05.07"]
[Round "2"]
[White "Pua, Richard"]
[Black "Kazakevich, Anastasia"]
[Result "0-1"]
[WhiteElo "1860"]
[BlackElo "1999"]
[PlyCount "112"]
[GameId "2160767910968500"]
[EventDate "2005.05.07"]
[EventType "swiss"]
[EventRounds "5"]
[EventCountry "CAN"]
[SourceTitle "CBM 106 Extra"]
[Source "ChessBase"]
[SourceDate "2005.07.01"]
[SourceVersion "1"]
[SourceVersionDate "2005.07.01"]
[SourceQuality "1"]

1. d4 d5 2. c4 c6 3. cxd5 cxd5 4. Nc3 Nf6 5. Nf3 Nc6 6. Bf4 e6 7. e3 a6 8. Bd3 Be7 9. h3 b5 10. a3 Bb7 11. Ne5 Rc8 12. Rc1 Nd7 13. Nxd7 Qxd7 14. Qg4 Bf6 15. Bg5 Bxg5 16. Qxg5 O-O 17. O-O Na5 18. b4 Nc4 19. Bxc4 Rxc4 20. Ne2 Rfc8 21. Rxc4 bxc4 22. Nc3 Bc6 23. f4 Rb8 24. f5 h6 25. Qg3 Re8 26. f6 g6 27. Qe5 Rc8 28. Rb1 Qc7 29. a4 Qxe5 30. dxe5 Rb8 31. b5 axb5 32. axb5 Bd7 33. Kf1 g5 34. b6 Bc6 35. Ke2 Kf8 36. Rb2 Ke8 37. g3 Kd7 38. Kd2 Kc8 39. Ne2 Kb7 40. Nd4 Bd7 41. Kc3 Ra8 42. Rb4 Ra3+ 43. Kd2 Rd3+ 44. Ke2 Ra3 45. Kf3 h5 46. h4 gxh4 47. gxh4 Ra6 48. Kf4 Rxb6 49. Rxb6+ Kxb6 50. Kg5 c3 51. Kxh5 Ba4 52. Kh6 c2 53. Nxc2 Bxc2 54. h5 Bd1 55. Kg5 Kc5 56. h6 Bc2 0-1

[Event "University of Alberta op"]
[Site "Edmonton CAN"]
[Date "2005.05.07"]
[Round "2"]
[White "Reuter, Gerhard"]
[Black "Tot, Nandor"]
[Result "0-1"]
[WhiteElo "1823"]
[BlackElo "1921"]
[PlyCount "78"]
[GameId "2160767910968501"]
[EventDate "2005.05.07"]
[EventType "swiss"]
[EventRounds "5"]
[EventCountry "CAN"]
[SourceTitle "CBM 106 Extra"]
[Source "ChessBase"]
[SourceDate "2005.07.01"]
[SourceVersion "1"]
[SourceVersionDate "2005.07.01"]
[SourceQuality "1"]

1. e4 c5 2. Nf3 Nc6 3. d4 cxd4 4. Nxd4 e5 5. Nb5 d6 6. c4 a6 7. N5c3 Nf6 8. Bg5 Be6 9. Be2 Be7 10. O-O O-O 11. Nd2 Nd4 12. Rc1 Rc8 13. b3 Qa5 14. f4 exf4 15. Bxf4 b5 16. Bd3 Bg4 17. Qe1 Bh5 18. Nf3 Nxf3+ 19. gxf3 b4 20. Nd5 Nxd5 21. exd5 Rce8 22. a4 Bg5 23. Qg3 Qc5+ 24. Kg2 Bxf4 25. Qxf4 Qe3 26. Qxe3 Rxe3 27. Rcd1 Rfe8 28. Rd2 Bg6 29. Rfd1 Bh5 30. Rf1 R8e5 31. f4 Re8 32. f5 Bg4 33. Rf4 h5 34. f6 g5 35. Rff2 a5 36. Bf5 Be2 37. Bc2 g4 38. Rf5 Bf3+ 39. Rxf3 gxf3+ 0-1

[Event "University of Alberta op"]
[Site "Edmonton CAN"]
[Date "2005.05.07"]
[Round "3"]
[White "Duggan, Kyle"]
[Black "MacKinnon, Don"]
[Result "1/2-1/2"]
[WhiteElo "1873"]
[BlackElo "1276"]
[PlyCount "69"]
[GameId "2160767910968502"]
[EventDate "2005.05.07"]
[EventType "swiss"]
[EventRounds "5"]
[EventCountry "CAN"]
[SourceTitle "CBM 106 Extra"]
[Source "ChessBase"]
[SourceDate "2005.07.01"]
[SourceVersion "1"]
[SourceVersionDate "2005.07.01"]
[SourceQuality "1"]

1. e4 e5 2. Nf3 Nc6 3. Bc4 Bb4 4. c3 Ba5 5. O-O Nf6 6. Re1 O-O 7. b4 Bb6 8. d4 d6 9. d5 Ne7 10. Bg5 Ng4 11. Be3 Bxe3 12. fxe3 Bd7 13. Nbd2 a6 14. Nf1 a5 15. bxa5 Rxa5 16. Be2 Qa8 17. N3d2 Rxa2 18. Rxa2 Qxa2 19. Bxg4 Bxg4 20. Qxg4 b5 21. Qd7 Ng6 22. Qxb5 f5 23. Qd7 Rf7 24. Qc8+ Nf8 25. exf5 Qxd5 26. Nf3 Qd3 27. Ng3 h6 28. Kh1 Qxc3 29. Ne4 Qd3 30. Ng3 Kh7 31. h4 Kg8 32. Qd8 Rd7 33. Qa8 Rf7 34. Qd8 Rd7 35. Qa8 1/2-1/2

[Event "University of Alberta op"]
[Site "Edmonton CAN"]
[Date "2005.05.07"]
[Round "3"]
[White "Fokkema, Jerred"]
[Black "Bullerkist, Caitlin"]
[Result "1-0"]
[WhiteElo "1739"]
[BlackElo "1058"]
[PlyCount "103"]
[GameId "2160767910968503"]
[EventDate "2005.05.07"]
[EventType "swiss"]
[EventRounds "5"]
[EventCountry "CAN"]
[SourceTitle "CBM 106 Extra"]
[Source "ChessBase"]
[SourceDate "2005.07.01"]
[SourceVersion "1"]
[SourceVersionDate "2005.07.01"]
[SourceQuality "1"]

1. e4 e5 2. Nf3 Nc6 3. Bc4 Bc5 4. O-O Nf6 5. d3 h6 6. c3 O-O 7. d4 exd4 8. cxd4 Bb4 9. a3 Ba5 10. b4 Bb6 11. e5 Ne4 12. Bd5 Ng5 13. Nxg5 hxg5 14. Bb2 d6 15. Bxc6 bxc6 16. Nc3 dxe5 17. dxe5 Qxd1 18. Raxd1 Bg4 19. Rc1 Bd4 20. Na4 Bxb2 21. Nxb2 Rfe8 22. Rxc6 Rxe5 23. Rxc7 Re2 24. Nd3 Ra2 25. Ne5 Bh5 26. g4 Re2 27. gxh5 Rxe5 28. Rfc1 g4 29. Rc8+ Rxc8 30. Rxc8+ Kh7 31. Rc7 f6 32. Rxa7 Rxh5 33. a4 Rd5 34. b5 Rd1+ 35. Kg2 Rb1 36. Ra6 f5 37. b6 Rb2 38. a5 g5 39. Ra7+ Kh6 40. b7 f4 41. Ra6+ Kh5 42. Rb6 Rxb6 43. axb6 g3 44. b8=Q gxf2 45. Qh8+ Kg6 46. b7 f1=Q+ 47. Kxf1 Kf5 48. b8=Q Kg4 49. Qbc8+ Kf3 50. Qhh3+ Ke4 51. Qcf5+ Kd4 52. Qhd3# 1-0

[Event "University of Alberta op"]
[Site "Edmonton CAN"]
[Date "2005.05.07"]
[Round "3"]
[White "Hughey, Micah"]
[Black "Palcic, Branko"]
[Result "1-0"]
[WhiteElo "2075"]
[BlackElo "1406"]
[PlyCount "39"]
[GameId "2160767910968505"]
[EventDate "2005.05.07"]
[EventType "swiss"]
[EventRounds "5"]
[EventCountry "CAN"]
[SourceTitle "CBM 106 Extra"]
[Source "ChessBase"]
[SourceDate "2005.07.01"]
[SourceVersion "1"]
[SourceVersionDate "2005.07.01"]
[SourceQuality "1"]

1. e4 e5 2. Nf3 Nc6 3. Bc4 Nf6 4. Ng5 d5 5. exd5 Nxd5 6. Nxf7 Kxf7 7. Qf3+ Ke6 8. Nc3 Nce7 9. d4 c6 10. dxe5 Ng6 11. O-O Bb4 12. Bxd5+ cxd5 13. Qg4+ Kf7 14. Qxb4 Nxe5 15. Qf4+ Ke6 16. Re1 Qf6 17. Qd4 Kf5 18. Qxd5 Bd7 19. Qe4+ Ke6 20. Bf4 1-0

[Event "University of Alberta op"]
[Site "Edmonton CAN"]
[Date "2005.05.07"]
[Round "3"]
[White "Kazakevich, Anastasia"]
[Black "Kazakevich, Alexander"]
[Result "1-0"]
[WhiteElo "1999"]
[BlackElo "1591"]
[PlyCount "77"]
[GameId "2160767910968506"]
[EventDate "2005.05.07"]
[EventType "swiss"]
[EventRounds "5"]
[EventCountry "CAN"]
[SourceTitle "CBM 106 Extra"]
[Source "ChessBase"]
[SourceDate "2005.07.01"]
[SourceVersion "1"]
[SourceVersionDate "2005.07.01"]
[SourceQuality "1"]

1. d4 d5 2. c4 Nf6 3. Nc3 c6 4. e3 e6 5. Nf3 Be7 6. Be2 O-O 7. O-O b6 8. a3 Bb7 9. cxd5 exd5 10. b4 Nbd7 11. Bb2 Rc8 12. Rc1 c5 13. dxc5 bxc5 14. bxc5 Bxc5 15. Nd4 Bxd4 16. Qxd4 Nb6 17. Na4 Nxa4 18. Qxa4 Qe7 19. Qxa7 Rc7 20. Rxc7 Qxc7 21. Rc1 Qd7 22. Bxf6 gxf6 23. Rb1 Bc6 24. Qxd7 Bxd7 25. Bf3 Be6 26. Ra1 Rd8 27. a4 d4 28. exd4 Rxd4 29. a5 Bd5 30. Bxd5 Rxd5 31. a6 Rd8 32. a7 Ra8 33. Kf1 Kf8 34. Ke2 Ke7 35. Ke3 Kd7 36. Ke4 Ke7 37. Kf5 h6 38. h4 h5 39. g3 1-0

[Event "University of Alberta op"]
[Site "Edmonton CAN"]
[Date "2005.05.07"]
[Round "3"]
[White "O'Brien, Sandy"]
[Black "Reuter, Gerhard"]
[Result "0-1"]
[WhiteElo "1559"]
[BlackElo "1823"]
[PlyCount "50"]
[GameId "2160767910968507"]
[EventDate "2005.05.07"]
[EventType "swiss"]
[EventRounds "5"]
[EventCountry "CAN"]
[SourceTitle "CBM 106 Extra"]
[Source "ChessBase"]
[SourceDate "2005.07.01"]
[SourceVersion "1"]
[SourceVersionDate "2005.07.01"]
[SourceQuality "1"]

1. e4 c5 2. Nf3 e6 3. d4 cxd4 4. Nxd4 Nc6 5. Nc3 Nf6 6. Nxc6 bxc6 7. Bg5 Be7 8. Bd3 Qa5 9. Qd2 Rb8 10. Rb1 O-O 11. O-O Re8 12. Rfe1 d5 13. Qf4 d4 14. Qxb8 Qxg5 15. Ne2 e5 16. f4 Qh6 17. Qxe5 Ng4 18. Qxd4 Qxh2+ 19. Kf1 Qh1+ 20. Qg1 Nh2+ 21. Kf2 Bc5+ 22. Nd4 Bxd4+ 23. Re3 Ng4+ 24. Kg3 Qxg1 25. Rxg1 Bxe3 0-1

[Event "University of Alberta op"]
[Site "Edmonton CAN"]
[Date "2005.05.07"]
[Round "3"]
[White "Procyshyn, Jeff"]
[Black "Bertrand, Daryl"]
[Result "0-1"]
[WhiteElo "1257"]
[BlackElo "2010"]
[PlyCount "62"]
[GameId "2160767910968508"]
[EventDate "2005.05.07"]
[EventType "swiss"]
[EventRounds "5"]
[EventCountry "CAN"]
[SourceTitle "CBM 106 Extra"]
[Source "ChessBase"]
[SourceDate "2005.07.01"]
[SourceVersion "1"]
[SourceVersionDate "2005.07.01"]
[SourceQuality "1"]

1. e4 g6 2. d4 Bg7 3. f4 c6 4. Be3 Qb6 5. b3 d5 6. e5 f6 7. Nf3 Bg4 8. Be2 Bxf3 9. Bxf3 fxe5 10. fxe5 Bxe5 11. O-O Nd7 12. Bg4 Ngf6 13. Bh3 Bd6 14. Bf4 e5 15. Bg3 O-O 16. Kh1 Rad8 17. c3 Ne4 18. Bh4 Rxf1+ 19. Qxf1 Rf8 20. Qe2 Ndf6 21. Qe3 Ng4 22. Qe2 Nef2+ 23. Kg1 exd4 24. Qe6+ Rf7 25. Qe8+ Kg7 26. Qd8 Bc7 27. Qe8 dxc3 28. Bf6+ Rxf6 29. Nxc3 Nxh3+ 30. Kh1 Qg1+ 31. Rxg1 Ngf2# 0-1

[Event "University of Alberta op"]
[Site "Edmonton CAN"]
[Date "2005.05.07"]
[Round "3"]
[White "Reichert, Wayne"]
[Black "MacKinnon, Keith"]
[Result "0-1"]
[WhiteElo "1271"]
[BlackElo "1591"]
[PlyCount "56"]
[GameId "2160767910968509"]
[EventDate "2005.05.07"]
[EventType "swiss"]
[EventRounds "5"]
[EventCountry "CAN"]
[SourceTitle "CBM 106 Extra"]
[Source "ChessBase"]
[SourceDate "2005.07.01"]
[SourceVersion "1"]
[SourceVersionDate "2005.07.01"]
[SourceQuality "1"]

1. e4 c5 2. Nf3 d6 3. d4 cxd4 4. Nxd4 Nf6 5. Nc3 g6 6. f4 Nc6 7. Be3 Bg7 8. h3 O-O 9. Qd2 Bd7 10. g4 Rc8 11. Nb3 b6 12. Ba6 Rb8 13. O-O-O Nb4 14. Be2 Qc7 15. Rdg1 Rfc8 16. Bf3 Be6 17. a3 Bxb3 18. cxb3 Na2+ 19. Kd1 Nxc3+ 20. bxc3 Qxc3 21. Qxc3 Rxc3 22. Kd2 Rxb3 23. Ra1 Nxe4+ 24. Bxe4 Bxa1 25. Rxa1 Rc8 26. Bc2 Rxc2+ 27. Kxc2 Rxe3 28. Rh1 Rxa3 0-1

[Event "University of Alberta op"]
[Site "Edmonton CAN"]
[Date "2005.05.07"]
[Round "3"]
[White "Siwila, Gift"]
[Black "Karmali, Hafiz"]
[Result "0-1"]
[WhiteElo "1627"]
[BlackElo "1871"]
[PlyCount "86"]
[GameId "2160767910968510"]
[EventDate "2005.05.07"]
[EventType "swiss"]
[EventRounds "5"]
[EventCountry "CAN"]
[SourceTitle "CBM 106 Extra"]
[Source "ChessBase"]
[SourceDate "2005.07.01"]
[SourceVersion "1"]
[SourceVersionDate "2005.07.01"]
[SourceQuality "1"]

1. e4 c5 2. Nf3 e6 3. d4 cxd4 4. Nxd4 Nf6 5. Bd3 a6 6. O-O d6 7. Nc3 Be7 8. Re1 O-O 9. Re3 b5 10. Rg3 Kh8 11. Be3 Bb7 12. f4 Nbd7 13. b4 Rc8 14. Bd2 g6 15. Qe1 e5 16. Nf3 Nh5 17. Rh3 exf4 18. Nd5 Bxd5 19. exd5 Bf6 20. Rb1 Re8 21. Qd1 Ne5 22. Be2 Ng4 23. Kf1 Qb6 24. Nd4 Qxd4 25. Bxg4 Re5 26. Bxc8 Qc4+ 27. Rd3 Qxc8 28. Bc3 Rf5 29. Qf3 Qc4 30. Rb3 Bxc3 31. Rbxc3 Qxb4 32. Rc8+ Kg7 33. Ra8 Qb1+ 34. Qd1 Qxa2 35. Rd8 Rf6 36. Rc3 Qa5 37. Rcc8 Qb6 38. Qd2 Ng3+ 39. hxg3 fxg3+ 40. Ke1 Qg1+ 41. Ke2 Rf2+ 42. Kd3 Rxd2+ 43. Kxd2 Qxg2+ 0-1

[Event "University of Alberta op"]
[Site "Edmonton CAN"]
[Date "2005.05.08"]
[Round "4"]
[White "Bertrand, Daryl"]
[Black "Kazakevich, Anastasia"]
[Result "1/2-1/2"]
[WhiteElo "2010"]
[BlackElo "1999"]
[PlyCount "73"]
[GameId "2160767910968512"]
[EventDate "2005.05.07"]
[EventType "swiss"]
[EventRounds "5"]
[EventCountry "CAN"]
[SourceTitle "CBM 106 Extra"]
[Source "ChessBase"]
[SourceDate "2005.07.01"]
[SourceVersion "1"]
[SourceVersionDate "2005.07.01"]
[SourceQuality "1"]

1. e4 c5 2. Nf3 e6 3. c3 d5 4. Bb5+ Bd7 5. Qe2 dxe4 6. Bxd7+ Qxd7 7. Qxe4 Nf6 8. Qe2 Nc6 9. O-O Bd6 10. d4 cxd4 11. Rd1 dxc3 12. Nxc3 Qe7 13. Nb5 Bc5 14. Bf4 O-O 15. Bg5 Rfd8 16. Rdc1 Bb6 17. Rc4 a6 18. Nc3 Nd4 19. Qe5 Nxf3+ 20. gxf3 Rd3 21. Rc1 Rad8 22. Kg2 h6 23. Bh4 Bd4 24. Rxd4 R3xd4 25. Ne4 Kf8 26. Rc7 R4d7 27. Nxf6 Rxc7 28. Nh7+ Kg8 29. Bxe7 Rxe7 30. Nf6+ gxf6 31. Qxf6 Red7 32. Qxh6 Rd5 33. Qh4 Rc8 34. Qe4 b5 35. b3 Rg5+ 36. Kf1 Rd5 37. Kg2 1/2-1/2

[Event "University of Alberta op"]
[Site "Edmonton CAN"]
[Date "2005.05.08"]
[Round "4"]
[White "Bullerkist, Caitlin"]
[Black "Duggan, Kyle"]
[Result "0-1"]
[WhiteElo "1058"]
[BlackElo "1873"]
[PlyCount "114"]
[GameId "2160767910968513"]
[EventDate "2005.05.07"]
[EventType "swiss"]
[EventRounds "5"]
[EventCountry "CAN"]
[SourceTitle "CBM 106 Extra"]
[Source "ChessBase"]
[SourceDate "2005.07.01"]
[SourceVersion "1"]
[SourceVersionDate "2005.07.01"]
[SourceQuality "1"]

1. e4 e6 2. Nf3 b6 3. Bc4 Bb7 4. Nc3 Nc6 5. O-O Nge7 6. d3 d5 7. exd5 exd5 8. Bb5 g6 9. Bg5 Qd6 10. Re1 O-O-O 11. Bxc6 Bxc6 12. d4 f6 13. Bh4 Nf5 14. Bg3 Nxg3 15. hxg3 Kb8 16. Qe2 Bg7 17. Nb5 Qd7 18. Nc3 Rhe8 19. Qd3 Rxe1+ 20. Rxe1 Re8 21. Re2 Rxe2 22. Nxe2 Bb5 23. Qd1 f5 24. b3 c5 25. a4 Ba6 26. c3 Qe7 27. Nf4 Bb7 28. b4 cxb4 29. cxb4 Qxb4 30. Ne5 Qd6 31. Qe2 Bc6 32. Nf7 Qd7 33. Qe6 Qxe6 34. Nxe6 Bf6 35. Nfg5 Bxg5 36. Nxg5 Bxa4 37. Nxh7 Bb5 38. Nf6 Bc4 39. Nd7+ Kc7 40. Ne5 Kd6 41. Nxg6 a5 42. f3 a4 43. g4 fxg4 44. fxg4 a3 45. g5 a2 46. Kh2 a1=Q 47. Ne5 Qxd4 48. Nf3 Qe3 49. Kh3 Be2 50. Kg3 Bxf3 51. gxf3 Qxg5+ 52. Kf2 d4 53. Ke2 Qe3+ 54. Kd1 Kc5 55. Kc2 Kb4 56. Kd1 Kc3 57. f4 Qd2# 0-1

[Event "University of Alberta op"]
[Site "Edmonton CAN"]
[Date "2005.05.08"]
[Round "4"]
[White "Karmali, Hafiz"]
[Black "Hughey, Micah"]
[Result "0-1"]
[WhiteElo "1871"]
[BlackElo "2075"]
[PlyCount "112"]
[GameId "2160767910968514"]
[EventDate "2005.05.07"]
[EventType "swiss"]
[EventRounds "5"]
[EventCountry "CAN"]
[SourceTitle "CBM 106 Extra"]
[Source "ChessBase"]
[SourceDate "2005.07.01"]
[SourceVersion "1"]
[SourceVersionDate "2005.07.01"]
[SourceQuality "1"]

1. d4 d5 2. e3 Nf6 3. Bd3 c5 4. c3 Nbd7 5. f4 g6 6. Nf3 Bg7 7. Nbd2 Qc7 8. Ne5 O-O 9. O-O Nxe5 10. fxe5 Ng4 11. Nf3 f6 12. exf6 Rxf6 13. h3 Rxf3 14. hxg4 Rxf1+ 15. Bxf1 e5 16. c4 Be6 17. cxd5 Bxd5 18. dxc5 Qxc5 19. b4 Qc6 20. Bd2 Qe6 21. a3 e4 22. Rb1 Rc8 23. Qa4 Ba2 24. Rc1 Rxc1 25. Bxc1 Qc6 26. Qxc6 bxc6 27. Ba6 Kf7 28. Bb7 Bd5 29. Kf2 Ke6 30. Ba6 Bc3 31. Be2 Kd6 32. Ba6 c5 33. bxc5+ Kxc5 34. Be2 Bc4 35. Bd1 Ba2 36. Be2 Bc4 37. Bd1 Ba2 38. Be2 Bb1 39. Bd1 Kc4 40. Ke2 Bd3+ 41. Kf2 Bb1 42. Ke2 Bd3+ 43. Kf2 Ba1 44. Ke1 Kc3 45. Bd2+ Kb2 46. Bb4 Bc2 47. Be2 Kb3 48. Bc5 Bc3+ 49. Kf2 a5 50. Bb5 a4 51. Bd7 Bd3 52. Be6+ Bc4 53. Bd7 Bb2 54. Bc6 Bxa3 55. Bxa3 Kxa3 56. Bxe4 Kb2 0-1

[Event "University of Alberta op"]
[Site "Edmonton CAN"]
[Date "2005.05.08"]
[Round "4"]
[White "Kazakevich, Alexander"]
[Black "Siwila, Gift"]
[Result "1/2-1/2"]
[WhiteElo "1591"]
[BlackElo "1627"]
[PlyCount "155"]
[GameId "2160767910968515"]
[EventDate "2005.05.07"]
[EventType "swiss"]
[EventRounds "5"]
[EventCountry "CAN"]
[SourceTitle "CBM 106 Extra"]
[Source "ChessBase"]
[SourceDate "2005.07.01"]
[SourceVersion "1"]
[SourceVersionDate "2005.07.01"]
[SourceQuality "1"]

1. e4 e5 2. Nf3 Nc6 3. d4 d6 4. Bb5 a6 5. Bc4 Bg4 6. Qd3 Bxf3 7. Qxf3 Qf6 8. Qb3 Rb8 9. d5 Nd4 10. Qd3 b5 11. Bb3 Nh6 12. c3 Nxb3 13. axb3 Be7 14. Rxa6 O-O 15. b4 Qh4 16. O-O f5 17. Bxh6 fxe4 18. Qe2 gxh6 19. g3 Qh3 20. Qxe4 Rf5 21. Qg2 Qg4 22. f3 Qg6 23. Nd2 Bg5 24. Qe2 Qf7 25. Qd3 Bxd2 26. Qxd2 Rxf3 27. Rxf3 Qxf3 28. Qg2 Qd1+ 29. Qf1 Qxd5 30. Ra7 Rf8 31. Qe2 Qc6 32. Qg4+ Kh8 33. Ra1 Qb6+ 34. Kg2 Qf2+ 35. Kh3 Qxb2 36. Ra7 Qxc3 37. Qd7 Qf3 38. Rxc7 Qf1+ 39. Kh4 Qf6+ 40. Kh3 Qg6 41. Qxb5 Ra8 42. Qc4 Rd8 43. b5 d5 44. Qc6 d4 45. b6 d3 46. b7 Qxc6 47. Rxc6 d2 48. Rc8 d1=Q 49. b8=Q Qf1+ 50. Kg4 Qe2+ 51. Kh3 Qh5+ 52. Kg2 Rxc8 53. Qxc8+ Kg7 54. Qd7+ Kg8 55. Qe6+ Kf8 56. Qf6+ Ke8 57. Qh8+ Kd7 58. Qxh7+ Kd6 59. Qd3+ Kc5 60. Qe3+ Kd5 61. Qd3+ Ke6 62. Qc4+ Kd6 63. Qd3+ Kc5 64. Qe3+ Kc4 65. Qe4+ Kc3 66. Qe3+ Kc2 67. Qf2+ Kd3 68. Qb6 e4 69. Qa6+ Kd4 70. Qb6+ Kc3 71. Qc6+ Kd4 72. Qb6+ Kd3 73. Qa6+ Kd2 74. Qd6+ Ke2 75. Qa6+ Ke1 76. Qf1+ Kd2 77. Qf4+ Kd3 78. Qd6+ 1/2-1/2

[Event "University of Alberta op"]
[Site "Edmonton CAN"]
[Date "2005.05.08"]
[Round "4"]
[White "MacKinnon, Don"]
[Black "Palcic, Branko"]
[Result "0-1"]
[WhiteElo "1276"]
[BlackElo "1406"]
[PlyCount "54"]
[GameId "2160767910968517"]
[EventDate "2005.05.07"]
[EventType "swiss"]
[EventRounds "5"]
[EventCountry "CAN"]
[SourceTitle "CBM 106 Extra"]
[Source "ChessBase"]
[SourceDate "2005.07.01"]
[SourceVersion "1"]
[SourceVersionDate "2005.07.01"]
[SourceQuality "1"]

1. d4 e6 2. c4 Nf6 3. Nf3 d5 4. Nc3 c6 5. e3 Bb4 6. Bd2 O-O 7. Bd3 dxc4 8. Bxc4 b5 9. Bd3 a5 10. a3 Bxc3 11. Bxc3 Bb7 12. e4 Qc7 13. e5 Nd5 14. O-O c5 15. Rc1 c4 16. Bc2 b4 17. axb4 axb4 18. Ba4 bxc3 19. bxc3 Qa5 20. Qc2 Nxc3 21. Nd2 Ne2+ 22. Kh1 Nxc1 23. Rxc1 Qd5 24. f3 Qxd4 25. Nxc4 Rc8 26. Qb3 Bd5 27. Nb6 Rxc1+ 0-1

[Event "University of Alberta op"]
[Site "Edmonton CAN"]
[Date "2005.05.08"]
[Round "4"]
[White "MacKinnon, Keith"]
[Black "O'Brien, Sandy"]
[Result "1-0"]
[WhiteElo "1591"]
[BlackElo "1559"]
[PlyCount "65"]
[GameId "2160767910968518"]
[EventDate "2005.05.07"]
[EventType "swiss"]
[EventRounds "5"]
[EventCountry "CAN"]
[SourceTitle "CBM 106 Extra"]
[Source "ChessBase"]
[SourceDate "2005.07.01"]
[SourceVersion "1"]
[SourceVersionDate "2005.07.01"]
[SourceQuality "1"]

1. e4 e6 2. d4 d5 3. Nc3 Bb4 4. e5 Ne7 5. f4 c5 6. Bd2 cxd4 7. Nb5 Bxd2+ 8. Qxd2 Nf5 9. Nf3 Qb6 10. g4 Bd7 11. Nfxd4 Nxd4 12. Qxd4 Qxd4 13. Nxd4 a6 14. O-O-O Nc6 15. Rg1 Rf8 16. g5 g6 17. Nf3 Ne7 18. Bh3 Rc8 19. Ne1 Rc4 20. Nd3 Bb5 21. b3 Re4 22. Rgf1 Bxd3 23. Rxd3 Re2 24. Rd2 Re3 25. Bg4 Kd7 26. c4 Rc8 27. Kb2 Ke8 28. cxd5 Nxd5 29. Rxd5 exd5 30. Bxc8 Re2+ 31. Ka3 Rxh2 32. Rd1 h5 33. gxh6 1-0

[Event "University of Alberta op"]
[Site "Edmonton CAN"]
[Date "2005.05.08"]
[Round "4"]
[White "Miller, Chris"]
[Black "Tot, Nandor"]
[Result "0-1"]
[WhiteElo "1493"]
[BlackElo "1921"]
[PlyCount "50"]
[GameId "2160767910968519"]
[EventDate "2005.05.07"]
[EventType "swiss"]
[EventRounds "5"]
[EventCountry "CAN"]
[SourceTitle "CBM 106 Extra"]
[Source "ChessBase"]
[SourceDate "2005.07.01"]
[SourceVersion "1"]
[SourceVersionDate "2005.07.01"]
[SourceQuality "1"]

1. d4 Nf6 2. c4 e6 3. Nc3 Bb4 4. Qc2 b6 5. a3 Bxc3+ 6. Qxc3 Bb7 7. f3 d5 8. Nh3 O-O 9. Nf2 Nbd7 10. cxd5 exd5 11. Bf4 c5 12. dxc5 Nxc5 13. Nd3 d4 14. Qc2 Rc8 15. Nxc5 bxc5 16. Rd1 Nd5 17. Bd2 Re8 18. Qd3 Qb6 19. b3 Ba6 20. Qf5 Qxb3 21. Rb1 Qa2 22. g4 Nc3 23. Bxc3 Rxe2+ 24. Kd1 dxc3 25. Qxc5 Qd2# 0-1